000 00221 a2200097 4500
001 35488
100 _aGogiel M
245 _aThe electronic communications problem solver
260 _aNY
_bREA
_c
090 _c23420
_d23420
942 _aNUST-CAE
_cM
_c14915
999 _c270561
_d270561